[Event "VIII Iberoamericano Mexico 2022"]
[Site "Mexico City"]
[Date "2022.02.17"]
[Round "6.17"]
[White "Veiga, Jose Francisco R P N"]
[Black "Avila Rodriguez, Joshua Ad"]
[Result "0-1"]
[WhiteElo "2366"]
[BlackElo "2182"]
[Annotator "NA"]
[PlyCount "154"]
[EventDate "2022.02.12"]
[EventType "swiss"]
[EventCountry "MEX"]
[SourceTitle "playchess.com"]
[Source "ChessBase"]
[SourceQuality "1"]
[TimeControl "5400+30"]

1. e4 {[%emt 0:00:03]} c5 {[%emt 0:01:22]} 2. Nf3 {[%emt 0:00:07]} d6 {[%emt 0:00:08]} 3. Bb5+ {[%emt 0:00:20]} Nd7 {[%emt 0:00:18]} 4. O-O {[%emt 0:00:14]} a6 {[%emt 0:00:17]} 5. Bd3 {[%emt 0:00:17]} Ngf6 {[%emt 0:00:17]} 6. Re1 {[%emt 0:00:16]} e6 {[%emt 0:00:22]} 7. c3 {[%emt 0:00:49]} b5 {[%emt 0:01:04]} 8. Bc2 {[%emt 0:00:20]} c4 {[%emt 0:02:40]} 9. a4 {[%emt 0:02:40]} Bb7 {[%emt 0:00:19]} 10. axb5 {[%emt 0:00:41]} axb5 {[%emt 0:00:06]} 11. Rxa8 {[%emt 0:00:36]} Qxa8 {[%emt 0:00:07]} 12. Na3 {[%emt 0:01:14]} Bxe4 {[%emt 0:00:57]} 13. Bxe4 {[%emt 0:04:31]} Nxe4 {[%emt 0:00:06]} 14. Nxb5 {[%emt 0:00:08]} Qb7 {[%emt 0:00:08]} 15. Qa4 {[%emt 0:07:09]} d5 {[%emt 0:07:37]} 16. b4 {[%emt 0:08:12]} Be7 {[%emt 0:05:39]} 17. Bb2 {[%emt 0:06:29]} O-O {[%emt 0:02:24]} 18. Ra1 {[%emt 0:00:15]} Rb8 {[%emt 0:14:31]} 19. Nbd4 {[%emt 0:04:07]} Bf6 {[%emt 0:18:46]} 20. Bc1 {[%emt 0:05:00]} Nb6 {[%emt 0:01:55]} 21. Qa6 {[%emt 0:01:45]} h6 {[%emt 0:02:30]} 22. Kf1 {[%emt 0:03:56]} Ng5 {[%emt 0:07:17]} 23. Nxg5 {[%emt 0:02:50]} Bxd4 {[%emt 0:01:54]} 24. Qxb7 {[%emt 0:02:50]} Rxb7 {[%emt 0:00:06]} 25. Nxe6 {[%emt 0:01:42]} fxe6 {[%emt 0:04:10]} 26. cxd4 {[%emt 0:00:11]} Nd7 {[%emt 0:00:06]} 27. Ra4 {[%emt 0:02:53]} Nb8 {[%emt 0:00:42]} 28. Bb2 {[%emt 0:12:06]} Nc6 {[%emt 0:00:06]} 29. Bc3 {[%emt 0:00:02]} Ra7 {[%emt 0:00:46]} 30. Rxa7 {[%emt 0:00:07]} Nxa7 {[%emt 0:00:01]} 31. d3 {[%emt 0:01:53]} Nb5 {[%emt 0:19:58]} 32. dxc4 {[%emt 0:00:31]} dxc4 {[%emt 0:01:50]} 33. Ba1 {[%emt 0:00:05]} Nc7 {[%emt 0:00:10]} 34. Ke2 {[%emt 0:01:55]} Kf7 {[%emt 0:00:52]} 35. Kd2 {[%emt 0:00:20]} Nd5 {[%emt 0:00:10]} 36. b5 {[%emt 0:00:36]} Ke7 {[%emt 0:00:07]} 37. Bb2 {[%emt 0:00:09]} Kd7 {[%emt 0:01:06]} 38. Ba3 {[%emt 0:03:20]} g6 {[%emt 0:00:31]} 39. Bc5 {[%emt 0:02:33]} Kc7 {[%emt 0:00:56]} 40. g4 {[%emt 0:02:59]} Kb7 {[%emt 0:00:50]} 41. Bf8 {[%emt 0:01:02]} h5 {[%emt 0:02:05]} 42. gxh5 {[%emt 0:00:15]} gxh5 {[%emt 0:00:06]} 43. Bc5 {[%emt 0:00:02]} Kc7 {[%emt 0:01:06]} 44. Kc2 {[%emt 0:00:04]} Kb7 {[%emt 0:00:11]} 45. Kb2 {[%emt 0:00:10]} Kc7 {[%emt 0:00:16]} 46. Ka3 {[%emt 0:00:09]} Kb7 {[%emt 0:00:15]} 47. Bb4 {[%emt 0:00:35]} h4 {[%emt 0:02:20]} 48. Ba5 {[%emt 0:00:45]} h3 {[%emt 0:00:34]} 49. Kb2 {[%emt 0:00:41]} Nf6 {[%emt 0:00:44]} 50. f3 {[%emt 0:00:35]} Nd5 {[%emt 0:00:04]} 51. Kc2 {[%emt 0:00:48]} Ne3+ {[%emt 0:00:43]} 52. Kd2 {[%emt 0:00:21]} Nd5 {[%emt 0:00:19]} 53. Ke2 {[%emt 0:00:48]} Ne7 {[%emt 0:00:54]} 54. Kd2 {[%emt 0:05:42]} Nf5 {[%emt 0:00:31]} 55. Kc3 {[%emt 0:01:51]} Ne3 {[%emt 0:00:20]} 56. Kd2 {[%emt 0:01:27]} Nf5 {[%emt 0:00:06]} 57. Ke2 {[%emt 0:02:29]} Nxd4+ {[%emt 0:00:40]} 58. Kf2 {[%emt 0:00:00]} Nxb5 {[%emt 0:00:09]} 59. Kg3 {[%emt 0:00:03]} Kc6 {[%emt 0:00:34]} 60. Kxh3 {[%emt 0:00:04]} Kd7 {[%emt 0:00:09]} 61. Kg4 {[%emt 0:00:57]} c3 {[%emt 0:00:21]} 62. Kf4 {[%emt 0:02:41]} c2 {[%emt 0:00:34]} 63. Bd2 {[%emt 0:00:01]} Nd4 {[%emt 0:00:17]} 64. Ke4 {[%emt 0:01:25]} Nb3 {[%emt 0:00:17]} 65. Bg5 {[%emt 0:00:02]} c1=Q {[%emt 0:00:16]} 66. Bxc1 {[%emt 0:00:04]} Nxc1 {[%emt 0:00:04]} 67. f4 {[%emt 0:00:25]} Kd6 {[%emt 0:01:21]} 68. f5 {[%emt 0:00:27]} e5 {[%emt 0:00:09]} 69. f6 {[%emt 0:00:05]} Nb3 {[%emt 0:00:06]} 70. Kf5 {[%emt 0:01:30]} Nc5 {[%emt 0:05:08]} 71. h4 {[%emt 0:00:04]} e4 {[%emt 0:00:18]} 72. h5 {[%emt 0:00:04]} e3 {[%emt 0:00:09]} 73. h6 {[%emt 0:00:02]} e2 {[%emt 0:00:03]} 74. h7 {[%emt 0:00:04]} e1=Q {[%emt 0:00:03]} 75. h8=Q {[%emt 0:00:08]} Qe4+ {[%emt 0:00:06]} 76. Kg5 {[%emt 0:00:06]} Ne6+ {[%emt 0:00:09]} 77. Kh5 {[%emt 0:00:19]} Qh1+ {[%emt 0:00:05]} 0-1

[Event "VIII Iberoamericano Mexico 2022"]
[Site "Mexico City"]
[Date "2022.02.17"]
[Round "6.18"]
[White "Ramirez Toledo, Ayleen Maribel"]
[Black "Perez Garcia, Rodney Oscar"]
[Result "0-1"]
[WhiteElo "1810"]
[BlackElo "2331"]
[Annotator "NA"]
[PlyCount "86"]
[EventDate "2022.02.12"]
[EventType "swiss"]
[EventCountry "MEX"]
[SourceTitle "playchess.com"]
[Source "ChessBase"]
[SourceQuality "1"]
[TimeControl "5400+30"]

1. Nf3 {[%emt 0:00:03]} c5 {[%emt 0:08:47]} 2. g3 {[%emt 0:00:41]} Nc6 {[%emt 0:00:07]} 3. c4 {[%emt 0:01:53]} g6 {[%emt 0:06:58]} 4. Bg2 {[%emt 0:00:09]} Bg7 {[%emt 0:00:07]} 5. O-O {[%emt 0:00:06]} d6 {[%emt 0:02:20]} 6. Nc3 {[%emt 0:01:42]} e5 {[%emt 0:04:40]} 7. d3 {[%emt 0:03:45]} Nge7 {[%emt 0:00:19]} 8. e4 {[%emt 0:11:01]} a6 {[%emt 0:03:47]} 9. Be3 {[%emt 0:04:42]} Rb8 {[%emt 0:02:30]} 10. a4 {[%emt 0:03:34]} O-O {[%emt 0:01:46]} 11. Qd2 {[%emt 0:03:05]} Nd4 {[%emt 0:18:48]} 12. Rae1 {[%emt 0:06:32]} Bd7 {[%emt 0:08:58]} 13. Nh4 {[%emt 0:16:26]} b5 {[%emt 0:00:44]} 14. axb5 {[%emt 0:06:45]} axb5 {[%emt 0:00:03]} 15. f4 {[%emt 0:02:45]} exf4 {[%emt 0:03:22]} 16. gxf4 {[%emt 0:09:35]} Nec6 {[%emt 0:06:30]} 17. Nf3 {[%emt 0:05:23]} bxc4 {[%emt 0:00:23]} 18. dxc4 {[%emt 0:00:24]} Be6 {[%emt 0:00:02]} 19. Rf2 {[%emt 0:06:00]} Bxc4 {[%emt 0:01:16]} 20. f5 {[%emt 0:02:18]} Re8 {[%emt 0:06:48]} 21. Bg5 {[%emt 0:06:10]} Bf6 {[%emt 0:01:02]} 22. Be3 {[%emt 0:02:04]} Nxf3+ {[%emt 0:09:42]} 23. Rxf3 {[%emt 0:00:39]} Ne5 {[%emt 0:00:28]} 24. Rh3 {[%emt 0:01:49]} Ng4 {[%emt 0:01:23]} 25. Kh1 {[%emt 0:02:03]} Nxe3 {[%emt 0:00:36]} 26. Qxe3 {[%emt 0:00:40]} Bg7 {[%emt 0:00:34]} 27. Qf2 {[%emt 0:01:41]} Rb4 {[%emt 0:01:41]} 28. Nd1 {[%emt 0:02:00]} Qf6 {[%emt 0:02:58]} 29. Nc3 {[%emt 0:00:28]} Reb8 {[%emt 0:01:59]} 30. Nd1 {[%emt 0:00:24]} Rb3 {[%emt 0:01:17]} 31. Rxb3 {[%emt 0:00:32]} Bxb3 {[%emt 0:00:20]} 32. e5 {[%emt 0:00:38]} dxe5 {[%emt 0:02:06]} 33. Qxc5 {[%emt 0:00:13]} Qxf5 {[%emt 0:00:29]} 34. Qc7 {[%emt 0:00:34]} Qc8 {[%emt 0:01:04]} 35. Qe7 {[%emt 0:00:25]} Qd8 {[%emt 0:00:21]} 36. Qxd8+ {[%emt 0:00:41]} Rxd8 {[%emt 0:00:01]} 37. Ne3 {[%emt 0:00:23]} f5 {[%emt 0:00:13]} 38. Nf1 {[%emt 0:00:40]} e4 {[%emt 0:00:23]} 39. Bh3 {[%emt 0:00:32]} Rb8 {[%emt 0:01:18]} 40. Ne3 {[%emt 0:00:17]} Bxb2 {[%emt 0:00:27]} 41. Kg2 {[%emt 0:00:47]} Bd4 {[%emt 0:00:33]} 42. Kg3 {[%emt 0:00:30]} Be6 {[%emt 0:00:43]} 43. Nc2 {[%emt 0:00:27]} Be5+ {[%emt 0:00:10]} 0-1

[Event "VIII Iberoamericano Mexico 2022"]
[Site "Mexico City"]
[Date "2022.02.17"]
[Round "6.19"]
[White "Noboa Silva, Kevin"]
[Black "Avila Bautista, Roberto Al"]
[Result "1-0"]
[WhiteElo "2331"]
[BlackElo "2090"]
[Annotator "NA"]
[PlyCount "125"]
[EventDate "2022.02.12"]
[EventType "swiss"]
[EventCountry "MEX"]
[SourceTitle "playchess.com"]
[Source "ChessBase"]
[SourceQuality "1"]
[TimeControl "5400+30"]

1. e4 {[%emt 0:00:05]} c5 {[%emt 0:01:53]} 2. Nf3 {[%emt 0:00:13]} g6 {[%emt 0:00:29]} 3. c3 {[%emt 0:00:43]} d5 {[%emt 0:00:23]} 4. e5 {[%emt 0:00:31]} Bg7 {[%emt 0:02:33]} 5. d4 {[%emt 0:00:34]} cxd4 {[%emt 0:01:31]} 6. cxd4 {[%emt 0:00:25]} Nh6 {[%emt 0:01:40]} 7. Bf4 {[%emt 0:03:55]} f6 {[%emt 0:08:18]} 8. Bb5+ {[%emt 0:02:47]} Bd7 {[%emt 0:04:13]} 9. Qb3 {[%emt 0:02:20]} Bxb5 {[%emt 0:16:35]} 10. Qxb5+ {[%emt 0:00:15]} Qd7 {[%emt 0:01:03]} 11. Nc3 {[%emt 0:01:10]} Qxb5 {[%emt 0:06:54]} 12. Nxb5 {[%emt 0:00:13]} Na6 {[%emt 0:01:46]} 13. O-O {[%emt 0:09:51]} g5 {[%emt 0:16:30]} 14. exf6 {[%emt 0:06:58]} exf6 {[%emt 0:01:26]} 15. Bd2 {[%emt 0:14:08]} Kd7 {[%emt 0:00:55]} 16. Rac1 {[%emt 0:03:38]} Nf7 {[%emt 0:02:10]} 17. Ne1 {[%emt 0:10:08]} Nd6 {[%emt 0:04:12]} 18. Nxd6 {[%emt 0:00:44]} Kxd6 {[%emt 0:00:03]} 19. Nc2 {[%emt 0:00:30]} Rhf8 {[%emt 0:02:08]} 20. Rfe1 {[%emt 0:07:53]} h6 {[%emt 0:05:54]} 21. Nb4 {[%emt 0:01:45]} Rfe8 {[%emt 0:02:07]} 22. Nxa6 {[%emt 0:01:39]} bxa6 {[%emt 0:00:37]} 23. Rc5 {[%emt 0:03:14]} Rxe1+ {[%emt 0:01:57]} 24. Bxe1 {[%emt 0:00:01]} Rb8 {[%emt 0:00:57]} 25. Ra5 {[%emt 0:01:22]} Rb6 {[%emt 0:02:11]} 26. a3 {[%emt 0:03:10]} f5 {[%emt 0:00:36]} 27. Bb4+ {[%emt 0:00:17]} Ke6 {[%emt 0:02:05]} 28. Bc5 {[%emt 0:00:06]} Rxb2 {[%emt 0:03:11]} 29. Rxa6+ {[%emt 0:00:04]} Kf7 {[%emt 0:00:09]} 30. Rxa7+ {[%emt 0:00:13]} Kg6 {[%emt 0:00:06]} 31. g3 {[%emt 0:04:19]} Rd2 {[%emt 0:00:43]} 32. Ra4 {[%emt 0:01:05]} f4 {[%emt 0:00:47]} 33. g4 {[%emt 0:03:33]} h5 {[%emt 0:01:03]} 34. Ra6+ {[%emt 0:02:46]} Kh7 {[%emt 0:00:14]} 35. gxh5 {[%emt 0:01:45]} Bxd4 {[%emt 0:00:44]} 36. Bxd4 {[%emt 0:00:04]} Rxd4 {[%emt 0:00:08]} 37. Kg2 {[%emt 0:00:44]} Rd3 {[%emt 0:02:23]} 38. a4 {[%emt 0:00:23]} Ra3 {[%emt 0:00:43]} 39. f3 {[%emt 0:03:51]} d4 {[%emt 0:01:07]} 40. Kh3 {[%emt 0:01:52]} Rxf3+ {[%emt 0:00:27]} 41. Kg4 {[%emt 0:00:02]} Rf2 {[%emt 0:00:43]} 42. Kxg5 {[%emt 0:00:12]} Rxh2 {[%emt 0:01:27]} 43. Kxf4 {[%emt 0:01:58]} Rxh5 {[%emt 0:00:13]} 44. Ke4 {[%emt 0:00:31]} Kg7 {[%emt 0:00:24]} 45. a5 {[%emt 0:00:23]} Kf7 {[%emt 0:01:36]} 46. Ra8 {[%emt 0:00:11]} d3 {[%emt 0:01:19]} 47. Kxd3 {[%emt 0:00:10]} Rh4 {[%emt 0:00:36]} 48. Kc3 {[%emt 0:01:08]} Ra4 {[%emt 0:01:04]} 49. Kb3 {[%emt 0:00:06]} Ra1 {[%emt 0:00:25]} 50. a6 {[%emt 0:00:41]} Rb1+ {[%emt 0:01:53]} 51. Kc4 {[%emt 0:00:07]} Rc1+ {[%emt 0:00:48]} 52. Kd5 {[%emt 0:00:33]} Rd1+ {[%emt 0:00:47]} 53. Kc6 {[%emt 0:00:11]} Rc1+ {[%emt 0:00:46]} 54. Kb7 {[%emt 0:00:09]} Rb1+ {[%emt 0:00:22]} 55. Ka7 {[%emt 0:00:22]} Ke7 {[%emt 0:00:34]} 56. Rb8 {[%emt 0:00:06]} Ra1 {[%emt 0:00:18]} 57. Rb6 {[%emt 0:00:18]} Kd7 {[%emt 0:02:10]} 58. Kb7 {[%emt 0:00:23]} Rc1 {[%emt 0:00:40]} 59. a7 {[%emt 0:00:14]} Rc7+ {[%emt 0:00:32]} 60. Ka6 {[%emt 0:00:11]} Rc8 {[%emt 0:00:26]} 61. Rb8 {[%emt 0:00:17]} Rc1 {[%emt 0:00:35]} 62. a8=Q {[%emt 0:14:03]} Ra1+ {[%emt 0:00:29]} 63. Kb5 {[%emt 0:00:00]} 1-0

[Event "VIII Iberoamericano Mexico 2022"]
[Site "Mexico City"]
[Date "2022.02.17"]
[Round "6.20"]
[White "Leon Valdes, Jony Wilson"]
[Black "Luna Javier, Edgar Froylan"]
[Result "1-0"]
[WhiteElo "2392"]
[BlackElo "2148"]
[Annotator "NA"]
[PlyCount "55"]
[EventDate "2022.02.12"]
[EventType "swiss"]
[EventCountry "MEX"]
[SourceTitle "playchess.com"]
[Source "ChessBase"]
[SourceQuality "1"]
[TimeControl "5400+30"]

1. d4 {[%emt 0:00:00]} Nf6 {[%emt 0:10:43]} 2. c4 {[%emt 0:00:07]} g6 {[%emt 0:00:33]} 3. f3 {[%emt 0:00:07]} Bg7 {[%emt 0:01:17]} 4. e4 {[%emt 0:00:07]} O-O {[%emt 0:00:33]} 5. Nc3 {[%emt 0:00:10]} d6 {[%emt 0:02:40]} 6. Nge2 {[%emt 0:00:10]} c5 {[%emt 0:00:34]} 7. d5 {[%emt 0:00:06]} e6 {[%emt 0:00:18]} 8. Ng3 {[%emt 0:00:06]} exd5 {[%emt 0:00:31]} 9. cxd5 {[%emt 0:00:06]} a6 {[%emt 0:00:08]} 10. a4 {[%emt 0:00:04]} Nbd7 {[%emt 0:00:34]} 11. Be2 {[%emt 0:00:07]} Ne8 {[%emt 0:01:19]} 12. O-O {[%emt 0:00:18]} Rb8 {[%emt 0:01:02]} 13. f4 {[%emt 0:00:41]} Nc7 {[%emt 0:01:42]} 14. e5 {[%emt 0:02:04]} dxe5 {[%emt 0:00:46]} 15. f5 {[%emt 0:01:28]} b5 {[%emt 0:07:44]} 16. d6 {[%emt 0:05:48]} Ne8 {[%emt 0:00:22]} 17. axb5 {[%emt 0:00:36]} axb5 {[%emt 0:00:06]} 18. Bxb5 {[%emt 0:10:05]} Ndf6 {[%emt 0:15:48]} 19. fxg6 {[%emt 0:05:16]} hxg6 {[%emt 0:17:31]} 20. Bxe8 {[%emt 0:03:35]} Nxe8 {[%emt 0:01:53]} 21. Nge4 {[%emt 0:00:24]} Bf5 {[%emt 0:13:05]} 22. Bg5 {[%emt 0:11:47]} f6 {[%emt 0:00:12]} 23. Qd5+ {[%emt 0:00:26]} Kh8 {[%emt 0:05:38]} 24. Be3 {[%emt 0:03:14]} Bxe4 {[%emt 0:06:19]} 25. Nxe4 {[%emt 0:03:02]} f5 {[%emt 0:11:42]} 26. Rf3 {[%emt 0:00:50]} f4 {[%emt 0:00:00]} 27. Rh3+ {[%emt 0:00:41]} Bh6 {[%emt 0:00:00]} 28. Ra7 {[%emt 0:00:58]} 1-0

[Event "VIII Iberoamericano Mexico 2022"]
[Site "Mexico City"]
[Date "2022.02.17"]
[Round "6.21"]
[White "Perez Gormaz, Matias"]
[Black "Davalos Prieto, Abel Justo"]
[Result "1-0"]
[WhiteElo "2404"]
[BlackElo "2103"]
[Annotator "NA"]
[PlyCount "121"]
[EventDate "2022.02.12"]
[EventType "swiss"]
[EventCountry "MEX"]
[SourceTitle "playchess.com"]
[Source "ChessBase"]
[SourceQuality "1"]
[TimeControl "5400+30"]

1. e4 {[%emt 0:00:04]} c5 {[%emt 0:00:31]} 2. Nf3 {[%emt 0:00:11]} d6 {[%emt 0:00:34]} 3. d4 cxd4 {[%emt 0:00:18]} 4. Qxd4 {[%emt 0:05:08]} Nc6 {[%emt 0:00:19]} 5. Bb5 {[%emt 0:00:07]} Bd7 {[%emt 0:00:45]} 6. Bxc6 Bxc6 {[%emt 0:02:08]} 7. Nc3 Nf6 {[%emt 0:02:35]} 8. Bg5 {[%emt 0:00:26]} e6 {[%emt 0:07:02]} 9. O-O-O {[%emt 0:00:19]} Be7 {[%emt 0:01:04]} 10. Rhe1 {[%emt 0:05:50]} O-O {[%emt 0:06:53]} 11. Qd2 {[%emt 0:00:36]} Qa5 {[%emt 0:05:28]} 12. Kb1 {[%emt 0:00:13]} Rfd8 {[%emt 0:01:35]} 13. Nd4 {[%emt 0:07:49]} Rac8 {[%emt 0:09:35]} 14. Nd5 {[%emt 0:08:18]} Qxd2 {[%emt 0:00:15]} 15. Nxe7+ {[%emt 0:00:08]} Kf8 {[%emt 0:00:10]} 16. Bxd2 {[%emt 0:00:14]} Kxe7 {[%emt 0:00:26]} 17. f3 {[%emt 0:00:08]} Kf8 {[%emt 0:14:04]} 18. Bb4 {[%emt 0:02:19]} Kg8 {[%emt 0:01:07]} 19. c4 {[%emt 0:43:45]} Ne8 {[%emt 0:16:11]} 20. b3 {[%emt 0:00:25]} g6 {[%emt 0:04:10]} 21. Kb2 {[%emt 0:00:32]} e5 {[%emt 0:08:12]} 22. Nc2 {[%emt 0:06:50]} f6 {[%emt 0:03:34]} 23. Rd2 {[%emt 0:00:09]} Kf7 {[%emt 0:00:23]} 24. Red1 {[%emt 0:00:06]} Ke6 {[%emt 0:00:12]} 25. Ne3 {[%emt 0:00:56]} b6 {[%emt 0:00:56]} 26. g4 {[%emt 0:00:30]} Rd7 {[%emt 0:01:11]} 27. a4 {[%emt 0:00:44]} a5 {[%emt 0:00:22]} 28. Ba3 {[%emt 0:04:02]} Rcd8 {[%emt 0:00:30]} 29. h4 {[%emt 0:00:05]} Nc7 {[%emt 0:00:30]} 30. Rh2 {[%emt 0:00:42]} Na6 {[%emt 0:00:32]} 31. h5 {[%emt 0:04:05]} Nc5 {[%emt 0:01:21]} 32. hxg6 {[%emt 0:00:04]} hxg6 {[%emt 0:00:09]} 33. Rh6 {[%emt 0:00:03]} Rg8 {[%emt 0:00:58]} 34. Ka2 {[%emt 0:03:00]} Rdg7 {[%emt 0:01:11]} 35. Rd2 {[%emt 0:00:37]} Ke7 {[%emt 0:00:59]} 36. Rd1 {[%emt 0:03:02]} Ke6 {[%emt 0:00:09]} 37. Ng2 {[%emt 0:00:17]} Ke7 {[%emt 0:01:13]} 38. Nh4 {[%emt 0:00:17]} Bd7 {[%emt 0:01:08]} 39. Bc1 {[%emt 0:00:08]} Be6 {[%emt 0:00:50]} 40. Be3 {[%emt 0:00:25]} g5 {[%emt 0:05:07]} 41. Ng2 {[%emt 0:01:00]} Rg6 {[%emt 0:01:25]} 42. Rh2 {[%emt 0:00:12]} R6g7 {[%emt 0:00:17]} 43. Kb2 {[%emt 0:01:14]} Rd8 {[%emt 0:00:38]} 44. Rh6 {[%emt 0:00:12]} Kf7 {[%emt 0:00:44]} 45. Kc3 {[%emt 0:01:53]} Ke7 {[%emt 0:00:42]} 46. Bc1 {[%emt 0:02:14]} Rc8 {[%emt 0:00:18]} 47. Ne3 {[%emt 0:00:09]} Rd8 {[%emt 0:01:06]} 48. Nf1 {[%emt 0:00:41]} Kf7 {[%emt 0:00:30]} 49. Ng3 {[%emt 0:00:13]} Rg6 {[%emt 0:00:43]} 50. Rh2 {[%emt 0:00:16]} Rg7 {[%emt 0:00:19]} 51. Be3 {[%emt 0:00:08]} Ke7 {[%emt 0:01:40]} 52. Rh6 {[%emt 0:00:19]} Rf8 {[%emt 0:00:39]} 53. Nh5 {[%emt 0:01:37]} Rgg8 {[%emt 0:00:23]} 54. Rh1 {[%emt 0:01:06]} Rf7 {[%emt 0:00:14]} 55. Ng3 {[%emt 0:00:26]} Bd7 {[%emt 0:00:32]} 56. Rh8 {[%emt 0:01:29]} Rxh8 {[%emt 0:00:16]} 57. Rxh8 {[%emt 0:00:05]} Rf8 {[%emt 0:00:15]} 58. Rh7+ {[%emt 0:00:09]} Rf7 {[%emt 0:00:08]} 59. Rh6 {[%emt 0:00:06]} Be6 {[%emt 0:00:53]} 60. Nh5 {[%emt 0:00:15]} Rf8 {[%emt 0:00:42]} 61. Nxf6 {[%emt 0:04:42]} 1-0

[Event "VIII Iberoamericano Mexico 2022"]
[Site "Mexico City"]
[Date "2022.02.17"]
[Round "6.22"]
[White "Real Pereyra, Jeronimo"]
[Black "Diaz Rosas, Julio Cesar"]
[Result "1-0"]
[WhiteElo "2147"]
[BlackElo "2393"]
[Annotator "NA"]
[PlyCount "131"]
[EventDate "2022.02.12"]
[EventType "swiss"]
[EventCountry "MEX"]
[SourceTitle "playchess.com"]
[Source "ChessBase"]
[SourceQuality "1"]
[TimeControl "5400+30"]

1. e4 {[%emt 0:07:47]} c5 {[%emt 0:00:38]} 2. Nf3 {[%emt 0:00:22]} d6 {[%emt 0:00:05]} 3. Bb5+ {[%emt 0:00:04]} Nd7 {[%emt 0:00:05]} 4. d4 {[%emt 0:00:06]} cxd4 {[%emt 0:00:06]} 5. Qxd4 {[%emt 0:00:04]} a6 {[%emt 0:00:04]} 6. Be2 {[%emt 0:00:04]} Ngf6 {[%emt 0:07:56]} 7. O-O {[%emt 0:00:25]} Qc7 {[%emt 0:12:13]} 8. c4 {[%emt 0:01:52]} e6 {[%emt 0:01:09]} 9. Nc3 {[%emt 0:02:32]} Be7 {[%emt 0:00:09]} 10. b3 {[%emt 0:09:31]} O-O {[%emt 0:01:12]} 11. Bb2 {[%emt 0:01:03]} b6 {[%emt 0:01:42]} 12. Rfd1 {[%emt 0:11:08]} Bb7 {[%emt 0:01:23]} 13. Rac1 {[%emt 0:01:56]} Rfd8 {[%emt 0:00:56]} 14. Nd2 {[%emt 0:05:51]} Bf8 {[%emt 0:05:19]} 15. Nf1 {[%emt 0:02:38]} Rac8 {[%emt 0:06:41]} 16. Ng3 {[%emt 0:04:49]} Qb8 {[%emt 0:05:56]} 17. b4 {[%emt 0:03:43]} Qa8 {[%emt 0:10:12]} 18. a3 {[%emt 0:03:01]} Qb8 {[%emt 0:04:44]} 19. Kh1 {[%emt 0:06:51]} Ba8 {[%emt 0:01:14]} 20. f4 {[%emt 0:03:00]} Qb7 {[%emt 0:05:18]} 21. Qd3 {[%emt 0:03:26]} Qb8 {[%emt 0:07:06]} 22. Bf3 {[%emt 0:02:50]} Bb7 {[%emt 0:01:15]} 23. Nf1 {[%emt 0:05:43]} Qa8 {[%emt 0:04:40]} 24. Ng3 {[%emt 0:01:41]} Qb8 {[%emt 0:03:37]} 25. Nf1 {[%emt 0:04:48]} Be7 {[%emt 0:01:24]} 26. Qe2 {[%emt 0:01:32]} Nf8 {[%emt 0:00:58]} 27. f5 {[%emt 0:00:59]} exf5 {[%emt 0:01:25]} 28. exf5 {[%emt 0:00:25]} Re8 {[%emt 0:01:01]} 29. Ne3 {[%emt 0:01:50]} N8d7 {[%emt 0:03:55]} 30. Ncd5 {[%emt 0:03:57]} Nxd5 {[%emt 0:00:27]} 31. Bxd5 {[%emt 0:01:03]} Bf6 {[%emt 0:01:14]} 32. Bxf6 {[%emt 0:02:18]} Nxf6 {[%emt 0:00:06]} 33. Qf3 {[%emt 0:00:38]} Nxd5 {[%emt 0:02:58]} 34. Nxd5 {[%emt 0:01:34]} Re5 {[%emt 0:00:08]} 35. f6 {[%emt 0:00:55]} Bxd5 {[%emt 0:00:16]} 36. cxd5 {[%emt 0:00:36]} g6 {[%emt 0:03:11]} 37. Qf4 {[%emt 0:02:16]} Rxc1 {[%emt 0:01:33]} 38. Rxc1 {[%emt 0:00:17]} Qe8 {[%emt 0:02:17]} 39. h3 {[%emt 0:00:29]} g5 {[%emt 0:01:43]} 40. Qf2 {[%emt 0:03:33]} h6 {[%emt 0:02:33]} 41. Qxb6 {[%emt 0:02:09]} Re1+ {[%emt 0:00:38]} 42. Rxe1 {[%emt 0:00:04]} Qxe1+ {[%emt 0:00:04]} 43. Qg1 {[%emt 0:00:53]} Qc3 {[%emt 0:01:28]} 44. Qd1 {[%emt 0:01:08]} Qxf6 {[%emt 0:00:43]} 45. Qd3 {[%emt 0:00:26]} Qa1+ {[%emt 0:00:28]} 46. Kh2 {[%emt 0:00:02]} Qe5+ {[%emt 0:00:11]} 47. Kg1 {[%emt 0:00:23]} h5 {[%emt 0:00:50]} 48. Qb3 {[%emt 0:00:46]} Qd4+ {[%emt 0:00:38]} 49. Kf1 {[%emt 0:00:31]} Kg7 {[%emt 0:00:36]} 50. a4 {[%emt 0:00:06]} Kf6 {[%emt 0:00:14]} 51. b5 {[%emt 0:00:40]} axb5 {[%emt 0:00:02]} 52. axb5 {[%emt 0:00:10]} Qf4+ {[%emt 0:00:37]} 53. Ke2 {[%emt 0:00:23]} Qe4+ {[%emt 0:00:11]} 54. Kf2 {[%emt 0:00:24]} Qd4+ {[%emt 0:00:23]} 55. Kf1 {[%emt 0:00:16]} Qb6 {[%emt 0:00:37]} 56. Qc3+ {[%emt 0:00:19]} Kf5 {[%emt 0:01:08]} 57. Qc4 {[%emt 0:01:39]} Ke5 {[%emt 0:00:34]} 58. Ke2 {[%emt 0:00:31]} Qc5 {[%emt 0:00:31]} 59. Qxc5 {[%emt 0:00:34]} dxc5 {[%emt 0:00:02]} 60. b6 {[%emt 0:00:03]} Kd6 {[%emt 0:00:12]} 61. g4 {[%emt 0:00:02]} h4 {[%emt 0:00:33]} 62. Kd3 {[%emt 0:01:01]} Kd7 {[%emt 0:01:20]} 63. Kc4 {[%emt 0:00:36]} Kd6 {[%emt 0:00:37]} 64. Kb5 {[%emt 0:00:28]} Kd7 {[%emt 0:00:09]} 65. Kxc5 {[%emt 0:00:32]} f5 {[%emt 0:00:02]} 66. d6 {[%emt 0:00:06]} 1-0

[Event "VIII Iberoamericano Mexico 2022"]
[Site "Mexico City"]
[Date "2022.02.17"]
[Round "6.23"]
[White "Guevara Sanchez, Erick Marvin"]
[Black "Gemy, Jose Daniel"]
[Result "0-1"]
[WhiteElo "2145"]
[BlackElo "2381"]
[Annotator "NA"]
[PlyCount "62"]
[EventDate "2022.02.12"]
[EventType "swiss"]
[EventCountry "MEX"]
[SourceTitle "playchess.com"]
[Source "ChessBase"]
[SourceQuality "1"]
[TimeControl "5400+30"]

1. e4 {[%emt 0:00:30]} e5 {[%emt 0:00:48]} 2. Nf3 {[%emt 0:00:00]} Nc6 {[%emt 0:00:09]} 3. Bc4 {[%emt 0:00:07]} Bc5 {[%emt 0:00:04]} 4. O-O {[%emt 0:00:11]} Nf6 {[%emt 0:00:07]} 5. d4 {[%emt 0:00:09]} Bxd4 {[%emt 0:00:06]} 6. Nxd4 {[%emt 0:00:11]} Nxd4 {[%emt 0:00:04]} 7. Bg5 {[%emt 0:00:10]} Qe7 {[%emt 0:00:29]} 8. Kh1 {[%emt 0:05:23]} h6 9. Bxf6 {[%emt 0:03:18]} Qxf6 {[%emt 0:00:14]} 10. f4 {[%emt 0:10:26]} O-O {[%emt 0:00:49]} 11. c3 {[%emt 0:06:06]} Ne6 {[%emt 0:20:13]} 12. f5 {[%emt 0:07:18]} Ng5 {[%emt 0:01:02]} 13. Nd2 {[%emt 0:02:08]} b5 {[%emt 0:00:35]} 14. Bxb5 {[%emt 0:10:09]} Rb8 {[%emt 0:01:44]} 15. Bd3 {[%emt 0:05:43]} Rxb2 16. Nc4 {[%emt 0:04:02]} Rb8 {[%emt 0:02:40]} 17. Ne3 {[%emt 0:01:45]} Bb7 {[%emt 0:01:53]} 18. Qg4 {[%emt 0:10:12]} d5 {[%emt 0:20:39]} 19. exd5 {[%emt 0:01:56]} e4 {[%emt 0:01:01]} 20. Bc4 {[%emt 0:03:57]} Qxc3 {[%emt 0:13:06]} 21. f6 {[%emt 0:09:06]} Qxe3 {[%emt 0:02:53]} 22. h4 {[%emt 0:06:13]} Bc8 {[%emt 0:02:21]} 23. Qh5 {[%emt 0:00:12]} Nh7 {[%emt 0:08:14]} 24. fxg7 {[%emt 0:01:28]} Kxg7 {[%emt 0:00:17]} 25. d6 {[%emt 0:00:32]} f5 {[%emt 0:01:50]} 26. Qd1 {[%emt 0:03:45]} Nf6 {[%emt 0:04:23]} 27. dxc7 {[%emt 0:00:09]} Rb4 {[%emt 0:02:27]} 28. Rc1 {[%emt 0:02:15]} Qg3 {[%emt 0:00:18]} 29. Qd8 {[%emt 0:00:42]} Rxc4 {[%emt 0:00:31]} 30. Rxc4 {[%emt 0:01:10]} Ng4 {[%emt 0:00:08]} 31. Qd4+ {[%emt 0:00:34]} Rf6 {[%emt 0:00:32]} 0-1